Drogi Krajowe w Polsce - Statystyki

Ogólne statystyki
  • Ten quiz został rozwiązany 574 razy
  • Średni wynik to 16 z 20
Statystyki odpowiedzi
Obrazkowy Odpowiedź % Poprawnych
1
99%
3
97%
7
97%
6
96%
8
96%
9
95%
11
90%
12
90%
10
89%
50
82%
14
80%
92
79%
15
78%
15
78%
25
73%
74
73%
24
66%
93
66%
63
64%
68
57%
Nie znaleziono quizów pasujących do podanych kryteriów
Rozkład punktacji
Procent ludzi z każdym wynikiem
Percentyl według liczby udzielonych odpowiedzi
Twoja historia wyników
Nie rozwiązałeś tego quizu